000 00641nam a2200241Ia 4500
003 OSt
005 20220924144418.0
006 a|||||r|||| 00| 0
007 ta
008 220923b |||||||| |||| 00| 0 urd d
024 _a314182
037 _cTextual
040 _aARTS
_cARTS
_burd
041 _2urd
_aurd
082 _aO168,1MNKx, G7
100 _aKhushi Mohammad
_9217599
245 0 _aNaghma-e-Firdaus
260 _c1937
650 _aURDU POETRY
700 _a Mohammad Abdullah Ed.
_9217600
942 _hO168,1MNKx, G7
_cTEXL
_2CC
999 _c456965
_d456965